000 00383 a2200145 4500
001 169894
020 _a
040 _cMagnum
100 _aAgencia Regional de Noticias
240 1 0 _aClipping em educacao - 26/03/01 a 01/04/01 - ano ii - nº 80
_lpor
245 1 0 _aClipping em educacao - 26/03/01 a 01/04/01 - ano ii - nº 80
362 0 _a1899
697 _aGERAL
942 _cBK
999 _c169894
_d169894